| 000 | 00799nam a22002057a 4500 | ||
|---|---|---|---|
| 003 | OSt | ||
| 005 | 20250219134216.0 | ||
| 008 | 231113b ||||| |||| 00| 0 eng d | ||
| 040 | _c0 | ||
| 082 | _aDPer 370.763 So131 January-December 2022 v.113 n. 1-6 | ||
| 100 |
_aBickford, John H. _eauthor. _949941 |
||
| 245 |
_aDirecting and differentiating first-graders' historical reading, thinking, and writing about Abraham Lincoln/ _cJohn H. Bickford. |
||
| 260 |
_aPhiladelphia ; _bTaylor & Francis Group, _cJuly-August 2022. |
||
| 300 |
_avolume 113, pages 195-216, _billustration. |
||
| 500 | _aThe Social Studies, v. 113, no. 4, pages 195-216, July-August 2022. | ||
| 650 |
_aReading. _949942 |
||
| 650 |
_aHistory. _949943 |
||
| 700 |
_aBickford, John H. _eauthor. _949941 |
||
| 942 |
_2ddc _cPER |
||
| 999 |
_c18414 _d18414 |
||